[Event "ICS rated blitz match"]
[Site "204.178.125.65"]
[Date "1999.08.11"]
[Round "?"]
[White "Big-Pawn"]
[Black "Hossa"]
[Result "0-1"]
[WhiteElo "2145"]
[BlackElo "2457"]
[Annotator "Fritz 5.32 (19s)"]
[PlyCount "51"]
[EventDate "1999.??.??"]

1. Nf3 1... b6 {Opening = A04 - 1.Nf3 ---} 2. g3 Bb7 3. Bg2 e6 4. d3 (4. O-O f5
5. c4 Nf6 6. Nc3 g6 7. d3 Bg7 8. Re1 O-O 9. e4 fxe4 10. dxe4 Nc6 11. Bf4 Ng4
12. Qd2 d6 13. Rad1 Qe7 14. Qe2 Nge5 15. Be3 Nxf3+ 16. Bxf3 Bxc3 17. bxc3 Ne5
18. Bg2 18... Ba6 {Vaganian,R-Shabalov,A/NY Open, New York USA 1997/0-1 (59)})
4... Bb4+ $146 (4... c5 5. e4 d6 6. Nc3 Nc6 7. O-O Nf6 8. Nh4 Be7 9. f4 Nd4 10.
Be3 Nd7 11. Nf3 Nxf3+ 12. Qxf3 a6 13. a4 Bc6 14. d4 cxd4 15. Bxd4 O-O 16. Qg4
e5 17. Be3 b5 18. axb5 axb5 19. Qe2 {
Papp,G-Jamrich,G/Budapest HUN 1999/1-0 (60)}) 5. c3 Be7 6. e4 d5 7. Nbd2 Nf6 8.
O-O dxe4 9. dxe4 Nxe4 (9... g5 10. Nxg5 $14) 10. Nd4 $4 $17 {
danach kann Weiss alle Traeume begraben} (10. Ne5 Nxd2 11. Bxb7 Nxf1 12. Qxd8+
Bxd8 13. Kxf1 $18) 10... Nc5 11. b4 Bxg2 12. Kxg2 Nd3 13. Ne4 Nxc1 14. Rxc1 O-O
15. Qf3 15... Nd7 $15 (15... Qd5 16. Rcd1 $17) 16. Nc6 Qe8 17. Nxe7+ $17 (17.
Rcd1 f5 18. Nd2 18... Bd6 $15) 17... Qxe7 18. Rcd1 a5 19. a3 axb4 20. axb4 Rfd8
21. Qh5 c5 22. Ng5 $19 (22. Rfe1 22... Ra4 $17) 22... h6 23. Ne4 cxb4 24. cxb4
Ra4 25. Nd6 (25. Rb1 Rxb4 26. Rxb4 26... Qxb4 $19) 25... Rxb4 26. Qb5 $4 {
auch bessere Zuege haetten die Partie nicht gerettet.} (26. Nb7 Ra8 27. Nd6 $19
) 0-1

[Event "ICS rated blitz match"]
[Site "204.178.125.65"]
[Date "1999.08.11"]
[Round "?"]
[White "cipolletti"]
[Black "Hossa"]
[Result "0-1"]
[WhiteElo "2111"]
[BlackElo "2466"]
[PlyCount "50"]
[EventDate "1999.??.??"]

1. e4 e5 2. Nf3 Nc6 3. Bb5 a6 4. Bxc6 dxc6 5. O-O Bg4 6. h3 Bh5 7. Qe2 Qf6 8.
g4 Bg6 9. d4 exd4 10. e5 Qd8 11. Bg5 Be7 12. Nbd2 Bxg5 13. Nxg5 Qxg5 14. f4 Qh6
15. f5 Qxh3 16. Rf2 Bxf5 17. gxf5 O-O-O 18. Re1 Ne7 19. f6 gxf6 20. exf6 Rdg8+
21. Rg2 Rxg2+ 22. Qxg2 Rg8 23. Qxg8+ Nxg8 24. Re8+ Kd7 25. Rxg8 25... Qe3+ {
cipolletti resigns} 0-1

[Event "ICS rated blitz match"]
[Site "204.178.125.65"]
[Date "1999.08.11"]
[Round "?"]
[White "Hossa"]
[Black "brutus"]
[Result "1-0"]
[WhiteElo "2470"]
[BlackElo "2061"]
[PlyCount "89"]
[EventDate "1999.??.??"]

1. d4 Nf6 2. c4 g6 3. Nc3 d5 4. e3 Bg7 5. Nf3 O-O 6. cxd5 Nxd5 7. e4 Nxc3 8.
bxc3 c5 9. Be3 Nc6 10. Be2 b6 11. Rc1 cxd4 12. cxd4 Bb7 13. d5 Ne5 14. Nxe5
Bxe5 15. Bh6 Bg7 16. Bxg7 Kxg7 17. O-O Qd6 18. Qd2 Rfc8 19. f3 f6 20. Bd3 Rc5
21. g3 Rac8 22. Rcd1 Rc3 23. Kh1 Qc5 24. Rb1 Qd4 25. Rfd1 R8c5 26. Rb3 Rxb3 27.
axb3 Qc3 28. Qa2 a5 29. Qe2 Qb4 30. Bc2 Rc3 31. Ra1 Qc5 32. Bd1 Qc8 33. Qb5 Qc7
34. Qe8 Ba6 35. b4 Bc8 36. bxa5 bxa5 37. g4 Bb7 38. Qb5 Rc1 39. d6 exd6 40.
Rxc1 Qxc1 41. Qxb7+ Kh6 42. Qd5 a4 43. Qxd6 a3 44. h4 a2 45. Qf8# {
brutus checkmated} 1-0

[Event "ICS Rated blitz match"]
[Site "204.178.125.65"]
[Date "1999.08.11"]
[Round "?"]
[White "Hossa"]
[Black "brutus"]
[Result "1-0"]
[WhiteElo "2476"]
[BlackElo "2055"]
[PlyCount "35"]
[EventDate "1999.??.??"]

1. d4 Nf6 2. Nf3 g6 3. Bf4 Bg7 4. Qc1 O-O 5. Bh6 d5 6. Bxg7 Kxg7 7. e3 c5 8.
Be2 Nc6 9. O-O cxd4 10. exd4 Bf5 11. c3 Qd6 12. Re1 Ne4 13. Bd3 Rab8 14. Nh4 b5
15. Nxf5+ gxf5 16. f3 Nf6 17. Bxf5 e6 18. Qg5+ {brutus resigns} 1-0

[Event "ICS rated blitz match"]
[Site "204.178.125.65"]
[Date "1999.08.11"]
[Round "?"]
[White "Secret"]
[Black "Hossa"]
[Result "1-0"]
[WhiteElo "2473"]
[BlackElo "2479"]
[PlyCount "45"]
[EventDate "1999.??.??"]

1. d4 d5 2. c4 dxc4 3. Nf3 Nf6 4. Nc3 c6 5. e3 b5 6. a4 Nd5 7. Ne5 Nxc3 8. bxc3
Qd5 9. Be2 Qxg2 10. Bf3 Qg5 11. axb5 a5 12. Qa4 f6 13. Qxc4 fxe5 14. Bxc6+ Nxc6
15. Qxc6+ Kf7 16. Qxa8 Bg4 17. Rxa5 exd4 18. b6 Qf6 19. Qd5+ Be6 20. Qxd4 Qf3
21. Rg1 Bc8 22. Ba3 Rg8 23. Ra7 {Hossa resigns} 1-0

[Event "ICS rated blitz match"]
[Site "204.178.125.65"]
[Date "1999.08.11"]
[Round "?"]
[White "OVI68"]
[Black "Hossa"]
[Result "0-1"]
[WhiteElo "2285"]
[BlackElo "2463"]
[PlyCount "60"]
[EventDate "1999.??.??"]

1. e4 e5 2. Nf3 Nc6 3. Bb5 a6 4. Ba4 Nge7 5. O-O f5 6. d3 fxe4 7. dxe4 Rb8 8.
c3 a5 9. Nbd2 b5 10. Bc2 Ng6 11. Re1 Be7 12. Nf1 O-O 13. Ng3 Kh8 14. Nf5 Bf6
15. Be3 d6 16. Qd2 Bxf5 17. exf5 Nge7 18. Bg5 Nxf5 19. Bxf5 Bxg5 20. Nxg5 Rxf5
21. Ne4 d5 22. Nc5 Qd6 23. b4 axb4 24. cxb4 Rbf8 25. Re2 Nd4 26. Re3 Rxf2 27.
Qxf2 Rxf2 28. Kxf2 Nc2 29. Nb7 Qb6 30. Nc5 30... Nxa1 {OVI68 resigns} 0-1

[Event "ICS rated blitz match"]
[Site "204.178.125.65"]
[Date "1999.08.11"]
[Round "?"]
[White "Hossa"]
[Black "Talmoves"]
[Result "1-0"]
[WhiteElo "2471"]
[BlackElo "2588"]
[Annotator "Fritz 5.32 (15s)"]
[PlyCount "165"]
[EventDate "1999.??.??"]

1. d4 1... Nf6 {Opening = E31 - 4.Bg5 h6 5.Bh4 c5 6.d5 d6} 2. c4 e6 3. Nc3 Bb4
4. Bg5 h6 5. Bh4 c5 6. d5 d6 7. Rc1 e5 (7... Bxc3+ 8. Rxc3 g5 9. Bg3 Ne4 10.
Ra3 Qb6 11. Qb3 Qxb3 12. Rxb3 b5 13. e3 exd5 14. cxd5 a6 15. Nf3 c4 16. Rb4 Nf6
17. Bxc4 bxc4 18. Bxd6 Nbd7 19. Rxc4 Nb6 20. Rd4 Nfxd5 21. Bc5 Rb8 22. O-O {
Haba,P-Movsesian,S/Zlin 1997/CBM 61/ - (49)}) 8. f3 Nbd7 9. e4 $146 (9. e3 Nf8
10. Bd3 Ng6 11. Bxg6 fxg6 12. Nge2 g5 13. Bf2 g4 14. f4 exf4 15. exf4 O-O 16.
O-O Nh5 17. Be1 Bf5 18. a3 Ba5 19. Ng3 Nxg3 20. Bxg3 Qd7 21. Kh1 Rae8 22. Re1
Bd8 23. Qd2 Bf6 24. Rxe8 Rxe8 25. Re1 a6 26. Bf2 h5 27. Re3 Kf7 28. Ne2 h4 29.
b4 b6 30. Nc1 Rxe3 31. Bxe3 Qa4 32. Qe2 32... Qxa3 {
0-1 Simon,G-Cerisier,P/Rouen 1987/EXT 97 (32)}) 9... Nb6 10. Bd3 Bd7 11. Nge2
g5 12. Bf2 g4 13. fxg4 (13. Qd2 13... Na4 $11) 13... Nxg4 14. O-O Qg5 ({
Jedoch nicht} 14... Nxf2 15. Rxf2 Qg5 16. a3 Bxc3 17. Nxc3 $11) 15. a3 Bxc3 ({
Dagegen} 15... Nxf2 16. Rxf2 Bxc3 17. Nxc3 $11) 16. Nxc3 ({Schwaecher scheint} 
16. Rxc3 16... Rg8 (16... Nxf2 $6 17. Rxf2 Bg4 18. Qf1 $11) 17. Qc1 17... Ne3
$17 (17... Nxf2 $6 18. Rxf2 Qh4 19. Qf1 $11)) 16... Nxf2 $11 (16... Rg8 17. Qf3
$15) 17. Rxf2 Rg8 18. Rcc2 18... Qh4 $14 (18... Rg6 19. Qf3 Qe7 20. Rf1 $11)
19. Qf3 {Der rueckstaendige Bauer f7 wird angegriffen} 19... Rg7 20. Qf6 {
Haelt den Koenig im Zentrum fest} 20... Qxf6 21. Rxf6 Rh7 22. Rcf2 Ke7 23. g3
Bg4 24. Nb5 $15 (24. Rf1 $5 $11) 24... Nd7 25. Rxd6 a6 26. Rxd7+ {
Weiss kann das gewonnene Material nicht behalten} 26... Bxd7 27. Nc3 $15 (27.
d6+ Kd8 28. Nc7 28... Ra7 $11) 27... Rg7 28. Kg2 b6 29. Bc2 Rd8 30. Ba4 Bxa4
31. Nxa4 Rd6 32. b4 cxb4 33. axb4 Rg4 34. c5 bxc5 35. bxc5 Rd8 36. Nc3 Rc8 37.
c6 Rb8 38. Kf3 Rgg8 39. Ke3 Rgc8 40. Kd3 Rb4 41. Rf5 f6 42. Ne2 Rb3+ 43. Kc2
Rb4 44. Nc3 44... Rd4 $14 (44... a5 45. Rh5 Rh8 46. g4 $11) 45. Rh5 Rh8 46. h3
46... Kd6 $14 (46... a5 47. g4 $11) 47. Rf5 Rf8 48. Rf1 Rb4 49. g4 Rf7 50. h4
Ke7 51. Ra1 {Weiss geht zum Angriff ueber} 51... Rb6 $16 (51... Rg7 52. Rxa6
Kd6 53. h5 $11) 52. Nd1 Kd8 53. Ne3 Rg7 54. Nc4 Rb4 55. Kc3 Rb8 56. d6 Kc8 (
56... Rc8 57. Rxa6 57... Rxg4 $18) 57. Rxa6 h5 58. Nb6+ Kd8 59. Ra8 (59. gxh5
$142 {ginge schneller} 59... Rg3+ 60. Kc4 60... Rg7 $18) 59... Rxa8 60. c7+
Rxc7+ 61. dxc7+ Kxc7 62. Nxa8+ Kd6 63. gxh5 Ke6 64. Nb6 Kf7 65. Nd7 Kg7 66.
Nxe5 (66. Kc4 $142 {machte sofort alles klar} 66... Kf7 $18) 66... fxe5 (66...
Kh6 $18 {wuerde die Partie noch etwas verlaengern}) 67. h6+ Kxh6 68. Kc4 Kg6
69. Kd5 Kf6 70. h5 Kg5 71. Kxe5 Kxh5 72. Kf6 Kg4 73. e5 Kf4 74. e6 Ke4 75. e7
Kd3 76. e8=Q {Droht Matt} 76... Kc2 (76... Kc3 {holt die Kuh nicht vom Eis} 77.
Ke5 Kd3 78. Qb5+ Ke3 79. Qb3+ Kf2 80. Kf4 Ke2 81. Qc2+ Kf1 82. Kf3 Ke1 83. Qe2#
) 77. Qe3 Kb2 78. Qd3 Ka2 (78... Kc1 {macht keinen grossen Unterschied} 79. Ke5
Kb2 80. Kd4 Kc1 81. Qe2 Kb1 82. Kc3 Kc1 83. Qc2#) 79. Qb5 Ka1 (79... Ka3 {
aendert nichts mehr} 80. Ke5 Ka2 81. Kd4 Ka3 82. Kc3 Ka2 83. Qb2#) 80. Ke5 Ka2
81. Kd4 Ka1 (81... Ka3 {waere gleichermassen fruchtlos} 82. Kc3 Ka2 83. Qb2#)
82. Kc3 Ka2 83. Qb2# 1-0

[Event "ICS rated blitz match"]
[Site "204.178.125.65"]
[Date "1999.08.11"]
[Round "?"]
[White "WhiteHorse"]
[Black "Hossa"]
[Result "0-1"]
[WhiteElo "2492"]
[BlackElo "2492"]
[PlyCount "100"]
[EventDate "1999.??.??"]

1. e4 e5 2. d3 Bc5 3. Nf3 Nc6 4. Be2 Nge7 5. O-O O-O 6. Nc3 f5 7. Bg5 d6 8. a3
fxe4 9. dxe4 a5 10. Rb1 Be6 11. Nd5 Qd7 12. c4 Ng6 13. Qd2 b6 14. b4 axb4 15.
axb4 Bd4 16. b5 Nce7 17. Nxd4 exd4 18. Qxd4 h6 19. Bxe7 Nxe7 20. Nxe7+ Qxe7 21.
Ra1 Qh4 22. Bf3 Rac8 23. Rac1 Rce8 24. Rc3 Ra8 25. Be2 Ra2 26. Rg3 Rf7 27. Bd3
Rf6 28. Qc3 Kh8 29. Qb3 Rd2 30. Qc3 Ra2 31. f3 Qf4 32. Bb1 Ra4 33. Qc1 Qe5 34.
Bd3 Qd4+ 35. Kh1 Qxd3 36. h4 Bxc4 37. Rd1 Qb3 38. Kh2 Qxb5 39. Qe3 Qe5 40. Kh3
Be6+ 41. Kh2 Qh5 42. Kg1 Qxh4 43. Qf2 Rxe4 44. Re1 Rxe1+ 45. Qxe1 Rg6 46. Qa1
Qxg3 47. Qa8+ Bg8 48. Qa2 Bxa2 49. Kf1 Bc4+ 50. Kg1 50... Qxg2# {
WhiteHorse checkmated} 0-1

[Event "ICS rated blitz match"]
[Site "204.178.125.65"]
[Date "1999.08.11"]
[Round "?"]
[White "Hossa"]
[Black "WhiteHorse"]
[Result "1-0"]
[WhiteElo "2508"]
[BlackElo "2476"]
[PlyCount "95"]
[EventDate "1999.??.??"]

1. d4 g6 2. c4 Bg7 3. e4 d6 4. Nc3 c6 5. Bg5 Nf6 6. Qd2 h6 7. Bf4 Nbd7 8. O-O-O
a6 9. Nge2 b5 10. f3 b4 11. Na4 a5 12. e5 dxe5 13. dxe5 Nh5 14. Be3 Bb7 15. g4
Nxe5 16. Qc2 Qc7 17. Bb6 Qc8 18. Rd8+ Qxd8 19. Bxd8 Nf6 20. Bc7 Nxf3 21. Nb6
O-O 22. Nxa8 Rxa8 23. Qd3 Ng5 24. Rg1 Ne6 25. Bb6 c5 26. Qg3 Rc8 27. b3 Ne4 28.
Qd3 Nc3 29. Nxc3 Bxc3 30. Qd7 Rc6 31. Qxb7 Rd6 32. Qa8+ Kg7 33. Qxa5 Rd2 34.
Rg2 Rd4 35. Bxc5 Rf4 36. Rf2 Rxg4 37. Bxe7 Re4 38. Bxb4 Bd4 39. Bc3 h5 40. Qd5
Bxc3 41. Qxe4 Bf6 42. Bh3 Ng5 43. Qf4 Nh7 44. Kb1 Bg5 45. Qxf7+ Kh6 46. Bd7 h4
47. Be8 h3 48. Qxg6# {WhiteHorse checkmated} 1-0

[Event "ICS rated blitz match"]
[Site "204.178.125.65"]
[Date "1999.08.11"]
[Round "?"]
[White "MissSilicon"]
[Black "Hossa"]
[Result "1-0"]
[WhiteElo "2635"]
[BlackElo "2523"]
[PlyCount "102"]
[EventDate "1999.??.??"]

1. e4 e5 2. Nf3 Nc6 3. Bb5 a6 4. Ba4 Nge7 5. O-O f5 6. d3 fxe4 7. dxe4 Rb8 8.
Bb3 h6 9. Nh4 d6 10. Qh5+ Kd7 11. c3 Na5 12. Bf7 c5 13. Nf3 Nac6 14. Rd1 Kc7
15. Nbd2 Ng8 16. Nc4 Nf6 17. Qh4 Bg4 18. Bg5 Bxf3 19. gxf3 Qd7 20. Bg6 Qe6 21.
Ne3 Rg8 22. Bxf6 gxf6 23. Nd5+ Kd8 24. Qg3 Ne7 25. Nxe7 Qxe7 26. Kh1 f5 27.
exf5 Qf6 28. Rd2 Kc8 29. Rg1 Kc7 30. f4 Rd8 31. Re2 exf4 32. Qxf4 Kb8 33. Re6
Qg7 34. f6 Qd7 35. Qf5 Qc6+ 36. f3 Qc8 37. f7 Rg7 38. Qf6 Rxg6 39. Rxg6 h5 40.
Rg8 Kc7 41. Qg6 Kd7 42. Qe4 b5 43. Rxf8 Rxf8 44. Re7+ Kd8 45. Re8+ Kc7 46.
Rxc8+ Rxc8 47. Qe7+ Kc6 48. f8=Q Rxf8 49. Qxf8 Kd7 50. Qa8 b4 51. cxb4 51...
cxb4 {Hossa resigns} 1-0

[Event "ICS Rated blitz match"]
[Site "204.178.125.65"]
[Date "1999.08.11"]
[Round "?"]
[White "Hossa"]
[Black "hye-emyes"]
[Result "1-0"]
[WhiteElo "2512"]
[BlackElo "2271"]
[PlyCount "127"]
[EventDate "1999.??.??"]

1. d4 Nf6 2. c4 e6 3. Nc3 Bb4 4. Bg5 h6 5. Bh4 b6 6. a3 Be7 7. Bg3 Bb7 8. e3 d6
9. Nf3 O-O 10. Bd3 c5 11. O-O Nc6 12. d5 Nb8 13. e4 e5 14. Be2 Nbd7 15. Ne1 Ne8
16. Nc2 g6 17. f4 exf4 18. Bxf4 Bg5 19. Bxg5 Qxg5 20. Rf3 Nef6 21. Qf1 Rae8 22.
Rf4 h5 23. Qf2 Ng4 24. Qg3 f5 25. Bxg4 fxg4 26. Rxf8+ Nxf8 27. Nb5 h4 28. Qxd6
Qd2 29. Nc7 Rc8 30. Ne6 Qxc2 31. Nxf8 Rxf8 32. Qxg6+ Kh8 33. Qh5+ Kg8 34. Qxg4+
Kh8 35. Qh5+ Kg8 36. Qg5+ Kh8 37. Qxh4+ Kg8 38. Qg5+ Kh8 39. Qh6+ Kg8 40. Qe6+
Kh8 41. Qe5+ Kg8 42. Qg3+ Kh8 43. Qh3+ Kg8 44. Qg4+ Kh8 45. Qh5+ Kg8 46. Qg6+
Kh8 47. Kh1 Qf2 48. Qh6+ Kg8 49. Qe6+ Kh8 50. Qe5+ Kg8 51. Rg1 Bc8 52. a4 Bg4
53. Qg5+ Kh8 54. Qxg4 Rg8 55. Qh3+ Kg7 56. b3 Kf8 57. Qh7 Rg7 58. Qh8+ Kf7 59.
e5 Rg8 60. e6+ Kf8 61. e7+ Kxe7 62. Qxg8 Qc2 63. Re1+ Kd6 64. Qd8# {
hye-emyes checkmated} 1-0

[Event "ICS rated blitz match"]
[Site "204.178.125.65"]
[Date "1999.08.11"]
[Round "?"]
[White "Hossa"]
[Black "hye-emyes"]
[Result "1-0"]
[WhiteElo "2524"]
[BlackElo "2259"]
[PlyCount "115"]
[EventDate "1999.??.??"]

1. d4 Nf6 2. Nf3 e6 3. c4 b6 4. a3 Bb7 5. Nc3 d5 6. cxd5 Nxd5 7. Na2 Nf6 8. e3
g6 9. Bd3 Bg7 10. O-O O-O 11. Bd2 Nbd7 12. Qe2 c5 13. Bc3 Rc8 14. e4 Qe7 15.
Rad1 cxd4 16. Nxd4 e5 17. Bb4 Nc5 18. Nb3 Nh5 19. Nxc5 bxc5 20. Bd2 Nf4 21.
Bxf4 exf4 22. Rd2 Rcd8 23. Rfd1 Rd4 24. Nc3 Rc8 25. Nb5 Rdd8 26. Nxa7 Ra8 27.
Nb5 Rac8 28. b3 Bc6 29. f3 Rb8 30. Bc4 Bxb5 31. Rxd8+ Rxd8 32. Bxb5 Bd4+ 33.
Kh1 Qa7 34. Ba4 Qa5 35. h3 Qc3 36. Qa6 Qe3 37. Qb6 Rf8 38. Qd6 Qf2 39. Qxf4 Ra8
40. Qd2 Qg3 41. f4 Be3 42. Qd5 Rxa4 43. bxa4 Bxf4 44. Qd8+ Kg7 45. Kg1 Qh2+ 46.
Kf2 Qg3+ 47. Kf1 Qxa3 48. a5 Qe3 49. Qd3 Qxd3+ 50. Rxd3 c4 51. a6 Bb8 52. Rd7
c3 53. a7 c2 54. axb8=Q c1=Q+ 55. Kf2 Qc2+ 56. Kg3 Qc4 57. Qb2+ Kg8 58. Rd8# {
hye-emyes checkmated} 1-0

[Event "ICS Rated blitz match"]
[Site "204.178.125.65"]
[Date "1999.08.11"]
[Round "?"]
[White "hye-emyes"]
[Black "Hossa"]
[Result "0-1"]
[WhiteElo "2253"]
[BlackElo "2530"]
[PlyCount "86"]
[EventDate "1999.??.??"]

1. e4 c6 2. d4 d5 3. exd5 cxd5 4. c4 Nf6 5. Nc3 Nc6 6. Nf3 Bg4 7. Be3 Rc8 8. h3
Bxf3 9. Qxf3 e6 10. cxd5 Nxd5 11. Bb5 Bb4 12. Rc1 Qa5 13. O-O Nxc3 14. bxc3
Bxc3 15. d5 Qxb5 16. dxc6 Rxc6 17. Bxa7 Qa5 18. Be3 Qxa2 19. Qg4 Qa5 20. Rfd1
Bb2 21. Rxc6 bxc6 22. Rb1 O-O 23. g3 Rd8 24. Kh2 Qa2 25. Re1 Bc3 26. Re2 Qb1
27. Qc4 Qd1 28. Ra2 Qd5 29. Ra4 Bb2 30. Qg4 Qd6 31. Rb4 Bc3 32. Rb7 Qd5 33. Bg5
Ra8 34. Bf4 Qd4 35. Qf3 Rf8 36. Be3 Qd5 37. Qg4 Rc8 38. Re7 Rd8 39. Qf4 Bf6 40.
h4 Bxe7 41. h5 Qxh5+ 42. Kg2 Rd1 43. g4 43... Qh1+ {hye-emyes resigns} 0-1

[Event "ICS Rated blitz match"]
[Site "204.178.125.65"]
[Date "1999.08.11"]
[Round "?"]
[White "Talmoves"]
[Black "Hossa"]
[Result "1-0"]
[WhiteElo "2567"]
[BlackElo "2535"]
[Annotator "Fritz 5.32 (15s)"]
[PlyCount "94"]
[EventDate "1999.??.??"]

1. Nf3 1... b6 {Opening = A04 - 1.Nf3 ---} 2. g3 Bb7 3. Bg2 e6 4. c4 c5 (4...
d5 5. cxd5 exd5 6. O-O Nf6 7. d4 Ne4 8. Ne5 Be7 9. Qa4+ c6 10. Nc3 Nxc3 11.
bxc3 O-O 12. Rd1 Qc8 13. c4 dxc4 14. Qxc4 c5 15. Bxb7 Qxb7 16. dxc5 Bxc5 17.
Bb2 Rc8 18. Qg4 Bf8 19. Qf5 {Ftacnik,L-Kurajica,B/Novi Sad 1984/MCL/1-0 (45)})
(4... f5 5. b3 Nf6 6. Bb2 Be7 7. d3 O-O 8. Nbd2 Qe8 9. Qc2 d6 10. h3 a5 11. g4
f4 12. g5 Nh5 13. h4 c5 14. Bh3 e5 15. Ne4 Nc6 16. a3 Nd4 17. Nxd4 exd4 18. Bg4
d5 19. Be6+ {Poley,V-Mihalko,J/Budapest 1993/EXT 98/1-0 (55)}) 5. O-O 5... d5
$146 (5... Ne7 6. Nc3 Bxf3 7. Bxf3 Nbc6 8. b3 g6 9. a3 h5 10. b4 h4 11. Bb2 Bg7
12. d3 hxg3 13. hxg3 Nf5 14. b5 Ncd4 15. e3 Qg5 16. Re1 Nxg3 17. exd4 Qh4 18.
fxg3 Qxg3+ 19. Kf1 19... Bxd4 {
0-1 Portisch,L-Haag,E/Balatonfured 1959/EXT 98 (19)}) 6. cxd5 exd5 7. d3 Bd6 8.
Nc3 Ne7 9. e4 O-O 10. Bg5 10... f6 {Kontrolliert e5} 11. Bd2 Nbc6 12. exd5 {
d5 setzt sich schnell in Bewegung} 12... Nb4 13. Nh4 Nbxd5 ({Weniger gut ist} 
13... Nexd5 14. Qb3 Be5 15. a3 $18) 14. Qg4 Be5 15. a3 $15 {Ueberdeckt b4} (15.
Rfe1 15... a6 $11) 15... Rb8 16. Qe6+ $17 (16. Rfe1 $5 $11 {ist zu erwaegen})
16... Kh8 17. Nxd5 Bxd5 18. Bxd5 Nxd5 19. Rab1 19... c4 $11 (19... Re8 20. Qf7
Ne7 21. Rfd1 $17) 20. Nf3 $17 (20. Qh3 $5 {ist eine gute Alternative} 20... Qc8
21. g4 $11) 20... Re8 21. Nxe5 {Es droht Matt} 21... fxe5 $1 {
die richtige Fortsetzung, um den Vorteil festzuhalten} ({Nachteilig ist} 21...
Rxe6 22. Nf7+ Kg8 23. Nxd8 Rxd8 24. dxc4 $16) 22. Qf7 22... cxd3 {
Schwarz spielt seinen Trumpf aus.} 23. Qxa7 Ra8 24. Qf7 e4 25. Rbc1 Re7 26. Qf5
Qg8 27. Rc6 Rf8 28. Qh5 Nf6 29. Qg5 Re6 30. Rc7 Ne8 31. Rd7 31... Rf3 {
Der Turm ist hier stark postiert} 32. Rc1 Nf6 33. Rb7 h6 34. Qh4 34... Qa8 $2
$18 (34... Ne8 $14 $142 {und Schwarz kann noch kaempfen}) 35. Rcc7 $14 (35.
Rxg7 Kxg7 36. Rc7+ Kg8 37. Qxh6 $18) 35... Ne8 $16 (35... Qa4 36. Kg2 Qd1 37.
Bxh6 Rxf2+ 38. Kxf2 Ng4+ 39. Qxg4 e3+ 40. Kg2 Qd2+ 41. Kh3 Rxh6+ 42. Qh4 Rxh4+
43. Kxh4 $19) 36. Ra7 {Weiss erhaelt Koenigsangriff} 36... Qd5 (36... Nxc7 $2 {
ist ein Schlag ins Wasser} 37. Rxa8+ Nxa8 38. Qd8+ Kh7 39. Qxa8 $18) 37. Rxg7 {
ob er will oder nicht, Weiss muss Material hergeben. Droht Matt} 37... Nxg7 {
Mit e3 waere Schwarz nun aus dem Groebsten heraus} 38. Bxh6 {Droht Matt: Bxg7}
38... Nh5 $2 (38... Rf7 39. Rxf7 39... Nf5 $18) 39. Bg5 {
Mit der Mattdrohung Qxh5} 39... Kg8 (39... Rh6 {nuetzt auch nichts mehr} 40.
Bxh6 Rf7 41. Rxf7 Qxf7 42. Qxe4 $18) 40. Qxh5 {Es droht Matt} 40... Qf5 41.
Ra8+ Qf8 42. Rxf8+ Kxf8 43. Qh8+ Kf7 44. Qh7+ Ke8 45. Qb7 Kf8 (45... d2 {
die letzte Gegenchance} 46. Qc8+ Kf7 47. Qd7+ Kf8 48. Bxd2 48... Ref6 $18) 46.
Qc8+ 46... Kf7 {Weiss darf nun die Drohung d2 nicht uebersehen} 47. Qd7+ 47...
Kg6 {Weiss darf Schwarz nun nicht zu Rff6 kommen lassen} 1-0

[Event "ICS Rated blitz match"]
[Site "204.178.125.65"]
[Date "1999.08.11"]
[Round "?"]
[White "Hossa"]
[Black "StrongBach"]
[Result "1-0"]
[WhiteElo "2520"]
[BlackElo "1916"]
[PlyCount "105"]
[EventDate "1999.??.??"]

1. d4 d5 2. c4 dxc4 3. e4 Nc6 4. Nf3 b5 5. d5 Nb4 6. Nd4 Rb8 7. a3 Nxd5 8. Nc6
Bg4 9. Qxg4 Ngf6 10. Qf3 Ne3 11. Bxe3 Qc8 12. Nxb8 Qxb8 13. Be2 e5 14. Nc3 Bd6
15. O-O O-O 16. Bg5 Nd7 17. Qg4 Nc5 18. Bf6 Ne6 19. Qg3 c6 20. Rad1 Kh8 21. Bh4
Nd4 22. Bh5 Nc2 23. Rd2 Nd4 24. Rfd1 a5 25. Bg5 Qe8 26. f3 h6 27. Be3 Qe7 28.
Qf2 Bc5 29. a4 Ba7 30. axb5 cxb5 31. f4 Kg8 32. fxe5 Qxe5 33. Bxd4 Bxd4 34.
Bxf7+ Rxf7 35. Qxd4 Qe8 36. Qc5 Qe7 37. Qxb5 Qb4 38. Rd8+ Kh7 39. Qe8 Qb6+ 40.
R1d4 Qc7 41. Nd5 Qc5 42. Ne3 Rf4 43. Nxc4 Qg5 44. R4d5 Qf6 45. Qg8+ Kg6 46.
Ne5+ Kh5 47. Nd7+ Qg5 48. Rxg5+ Kxg5 49. Qxg7+ Kh5 50. Qe5+ Kg4 51. Rg8+ Kh4
52. Qxf4+ Kh5 53. Qg4# {StrongBach checkmated} 1-0

[Event "ICS Rated blitz match"]
[Site "204.178.125.65"]
[Date "1999.08.11"]
[Round "?"]
[White "JSBach"]
[Black "Hossa"]
[Result "0-1"]
[WhiteElo "1919"]
[BlackElo "2521"]
[PlyCount "88"]
[EventDate "1999.??.??"]

1. d4 d5 2. Bf4 Nf6 3. Nf3 Nh5 4. Bg5 f6 5. Bd2 Bg4 6. e3 e5 7. h3 Bxf3 8. Qxf3
g6 9. e4 Nd7 10. dxe5 Nxe5 11. Qb3 dxe4 12. Qxb7 Rb8 13. Qxa7 Rxb2 14. Qa4+ Qd7
15. Qxe4 Bg7 16. Bc4 c6 17. Bc3 Rb7 18. Bxe5 fxe5 19. O-O Rc7 20. Re1 Qf5 21.
Qxf5 gxf5 22. Rd1 e4 23. c3 Be5 24. Be6 Ng7 25. Bb3 Rd7 26. Rxd7 Kxd7 27. a4
Rb8 28. Bc4 f4 29. a5 Rb2 30. a6 Ne8 31. a7 Nc7 32. Bg8 Rc2 33. Ra5 Bd6 34. Ba2
e3 35. fxe3 fxe3 36. Bc4 Rc1+ 37. Bf1 e2 38. Rf5 Rxf1+ 39. Rxf1 Bc5+ 40. Rf2
e1=Q+ 41. Kh2 Bd6+ 42. g3 Qxf2+ 43. Kh1 Bxg3 44. a8=Q 44... Qf1# {
JSBach checkmated} 0-1

[Event "ICS Rated blitz match"]
[Site "204.178.125.65"]
[Date "1999.08.11"]
[Round "?"]
[White "Hossa"]
[Black "Masterchess"]
[Result "0-1"]
[WhiteElo "2522"]
[BlackElo "2858"]
[PlyCount "83"]
[EventDate "1999.??.??"]

1. d4 d5 2. c4 dxc4 3. e4 c5 4. d5 Nf6 5. Nc3 b5 6. f3 Qb6 7. Bg5 Nbd7 8. Rc1
h6 9. Bxf6 exf6 10. a4 a6 11. axb5 axb5 12. b3 cxb3 13. Bxb5 Ra3 14. Rb1 Qa5
15. Nge2 Qb4 16. Ra1 Bd6 17. Rxa3 Qxa3 18. O-O Qb4 19. Qd3 O-O 20. f4 Nb6 21.
Qe3 Bg4 22. Bc6 Nc4 23. Qd3 Bxe2 24. Nxe2 Nd2 25. Rd1 b2 26. Nc3 Bxf4 27. g3 c4
28. Qc2 Be5 29. Nb1 Nf3+ 30. Kh1 Nd4 31. Qa4 Nxc6 32. Qxc6 Qb3 33. Rd2 Qf3+ 34.
Rg2 Qxe4 35. Nd2 b1=R+ 36. Nxb1 Qxb1+ 37. Rg1 Qe4+ 38. Rg2 Rb8 39. h3 Bxg3 40.
Qc8+ Rxc8 41. h4 Ra8 42. d6 {Hossa resigns} 0-1

[Event "ICS Rated blitz match"]
[Site "204.178.125.65"]
[Date "1999.08.11"]
[Round "?"]
[White "Hossa"]
[Black "PostModernist"]
[Result "0-1"]
[WhiteElo "2518"]
[BlackElo "2451"]
[PlyCount "96"]
[EventDate "1999.??.??"]

1. c4 e5 2. e3 Nc6 3. d4 Bb4+ 4. Bd2 exd4 5. Bxb4 Nxb4 6. exd4 Qe7+ 7. Be2 Qe4
8. Kf1 Qc2 9. Na3 Qxb2 10. Nb5 Kd8 11. Rb1 Qxa2 12. Rxb4 a6 13. Nc3 Qa3 14. Rb3
Qf8 15. Bf3 Rb8 16. Nge2 b6 17. Kg1 Nf6 18. h3 d6 19. Rh2 Bd7 20. Qd3 a5 21.
Rb1 Kc8 22. Re1 Qe7 23. Nd5 Nxd5 24. Bxd5 a4 25. Qd1 Re8 26. Qc2 Qf6 27. Qb1 b5
28. Qxh7 b4 29. Qh5 b3 30. f4 b2 31. Rb1 Qf5 32. Qxf5 Bxf5 33. Nc3 Bxb1 34.
Bxf7 a3 35. Bxe8 Bd3 36. Kf2 a2 37. Nxa2 b1=Q 38. Bb5 Qxa2+ 39. Kg3 Bxc4 40.
Bc6 Qb1 41. Bf3 Qe1+ 42. Kg4 Be2 43. Bxe2 Qxe2+ 44. Kg5 Rb5+ 45. Kg6 Qh5+ 46.
Kxg7 Rf5 47. d5 Rf7+ 48. Kg8 48... Qh7# {Hossa checkmated} 0-1